Catálogo

Odisea = (Registro nro. 26427)

Detalles MARC
000 -LEADER
fixed length control field 01471cam a2200373 i 4500
001 - CONTROL NUMBER
control field 26427
003 - CONTROL NUMBER IDENTIFIER
control field Mx-PuUPA
005 - DATE AND TIME OF LATEST TRANSACTION
control field 20250217110528.0
008 - FIXED-LENGTH DATA ELEMENTS--GENERAL INFORMATION
fixed length control field 140415s2014 mx gr 000 0 spa d
020 ## - INTERNATIONAL STANDARD BOOK NUMBER
International Standard Book Number 9786070259364
040 ## - CATALOGING SOURCE
Original cataloging agency Mx-PuUPA
Language of cataloging spa
Transcribing agency Mx-PuUPA
Modifying agency Mx-PuUPA
Description conventions rda
041 ## - LANGUAGE CODE
Language code of text/sound track or separate title spa
240 10 - UNIFORM TITLE
Uniform title Homero.
Form subheading Obras
Language of a work Español
245 10 - TITLE STATEMENT
Title Odisea =
Remainder of title Ομήρου οδύσσεια /
Statement of responsibility, etc. Homero ; prólogo, versión rítmica e índice de nombres propios de Pedro C. Tapia Zúñiga ; estudio introductorio de Albrecht Dihle
246 3# - VARYING FORM OF TITLE
Title proper/short title Ομήρου οδύσσεια.
250 ## - EDITION STATEMENT
Edition statement Segunda edición /
Remainder of edition statement septiembre
264 #1 - PRODUCTION, PUBLICATION, DISTRIBUTION, MANUFACTURE, AND COPYRIGHT NOTICE
Place of production, publication, distribution, manufacture México, D. F. :
Name of producer, publisher, distributor, manufacturer Universidad Nacional Autónoma de México,
Date of production, publication, distribution, manufacture, or copyright notice 2014
300 ## - PHYSICAL DESCRIPTION
Extent xl, 418 páginas ;
Dimensions 21 cm
336 ## - CONTENT TYPE
Fuente rdacontent
Content type term texto
Content type code txt
337 ## - MEDIA TYPE
Source rdamedia
Media type term sin medio
Media type code n
338 ## - CARRIER TYPE
Source rdacarrier
Carrier type term volumen
Carrier type code nc
490 0# - SERIES STATEMENT
Series statement Bibliotheca scriptorvm graecorvm et romanorvm mexicana
546 ## - LANGUAGE NOTE
Language note Texto bilingüe: español y latín.
600 0# - SUBJECT ADDED ENTRY--PERSONAL NAME
Personal name Odiseo,
Titles and other words associated with a name Rey de Itaca (Personaje mitológico)
Form subdivision Poesía
650 #7 - SUBJECT ADDED ENTRY--TOPICAL TERM
9 (RLIN) 13986
Source of heading or term armarc
Topical term or geographic name entry element Poesía
655 #7 - INDEX TERM--GENRE/FORM
Source of term armarc
Genre/form data or focus term Poesía épica griega
General subdivision Traducciones al español
700 1# - ADDED ENTRY--PERSONAL NAME
Personal name Tapia Zúñiga, Pedro C.,
Relator term prologuista
700 1# - ADDED ENTRY--PERSONAL NAME
Personal name Dihle, Albrecht,
Relator term editor
942 ## - ADDED ENTRY ELEMENTS (KOHA)
Source of classification or shelving scheme Dewey Decimal Classification
Koha item type Libro
Classification part 881
Item part O24
Existencias
Withdrawn status Lost status Source of classification or shelving scheme Damaged status Not for loan Collection code Home library Current library Shelving location Date acquired Source of acquisition Total Checkouts Full call number Barcode Date last seen Price effective from Koha item type
    Dewey Decimal Classification     General Biblioteca Karol Wojtyla Biblioteca Karol Wojtyla Sala general 03/12/2013 Donación   881 O24 2014 49099 05/01/2026 03/12/2013 Libro